Laureles y siemprevivas : (Record no. 187814)
[ view plain ]
| 000 -LEADER | |
|---|---|
| campo de control de longitud fija | 01013nam a2200229 i 4500 |
| 001 - NÚMERO DE CONTROL | |
| campo de control | 187814 |
| 003 - IDENTIFICADOR DE NÚMERO DE CONTROL | |
| campo de control | ES-MaACL |
| 005 - FECHA Y HORA DE LA ÚLTIMA TRANSACCIÓN | |
| campo de control | 20250728063139.0 |
| 008 - DATOS DE LONGITUD FIJA--INFORMACIÓN GENERAL | |
| campo de control de longitud fija | 180309s1896 sp |||| | spa d |
| 245 00 - MENCIÓN DEL TÍTULO | |
| Título | Laureles y siemprevivas : |
| Resto del título | homenaje a la memoria del Excmo. Sr. D. José Marco y Sanchis |
| 260 ## - PUBLICACIÓN, DISTRIBUCIÓN, ETC. | |
| Lugar de publicación, distribución, etc. | Madrid : |
| Nombre del editor, distribuidor, etc. | [s.n.], |
| Fecha de publicación, distribución, etc. | 1896 |
| Fabricante | (Imp. Fortanet) |
| 300 ## - DESCRIPCIÓN FÍSICA | |
| Extensión | 98 páginas, [1] hoja de lámina : |
| Dimensiones | 27 cm |
| 530 ## - NOTA DISPONIBLE DE FORMULARIO FÍSICO ADICIONAL | |
| Nota de formato físico adicional disponible | Disponible en formato digital |
| 599 ## - NOTA A LAS ILUSTRACIONES | |
| NOTA A LAS ILUSTRACIONES | Lámina: retrato de José Marco y Sanchis |
| 600 10 - PUNTO DE ACCESO ADICIONAL DE MATERIA--NOMBRE DE PERSONA | |
| Nombre de persona | Marco, José, |
| Fechas asociadas al nombre | 1830-1895- |
| Subdivisión de forma | Homenajes |
| 9 (RLIN) | 241406 |
| 655 #7 - TERMINO DE INDIZACIÓN--GENERO/FORMA | |
| Datos o término principal de género/forma | Homenajes |
| Fuente del término | tgfbne |
| 9 (RLIN) | 226850 |
| 852 ## - LOCALIZACIÓN | |
| Ubicación | ES-MaACL |
| Ubicación en estantería | Depósito folletos |
| Donativo/Legado | Donat. Biblioteca de Palacio, sello cambio-duplicado Real Biblioteca |
| Número de control de estantería | T-930-F-6 |
| 856 ## - LOCALIZACIÓN Y ACCESO ELECTRÓNICOS | |
| Identificador Uniforme de Recursos | <a href="http://ciconia.gobex.es/biblioteca/es/consulta/registro.cmd?id=3614">http://ciconia.gobex.es/biblioteca/es/consulta/registro.cmd?id=3614</a> |
| Texto de enlace | Versión en línea |
| Nota pública | (Ciconia. Biblioteca Digital del Patrimonio Cultural de Extremadura) |
| 942 ## - ELEMENTOS DE ENTRADA SECUNDARIOS (KOHA) | |
| Fuente del sistema de clasificación o colocación | Clasificación decimal universal |
| Tipo de ítem Koha | Folleto |
| Suprimir en OPAC | No |
| Estatus retirado | Estado de pérdida | Fuente del sistema de clasificación o colocación | Estado de daño | No para préstamo | Colección | Biblioteca de origen | Biblioteca actual | Ubicación en estantería | Fecha de adquisición | Fuente de adquisición | Total de préstamos | Signatura topográfica completa | Código de barras | Visto por última vez | Tipo de ítem Koha |
|---|---|---|---|---|---|---|---|---|---|---|---|---|---|---|---|
| Clasificación decimal universal | Colección de folletos | Biblioteca del Ateneo de Madrid | Biblioteca del Ateneo de Madrid | Depósito folletos | 09/03/2018 | Donación | T-930-F-6 | 1198444 | 23/02/2023 | Folleto |
